000 00247nam a2200097Ia 4500
001 679854
005 20250826161330.0
008 250824s9999 xx 000 0 und d
245 0 _aAYDEDE HER YERDE
_cHACER KILCIOĞLU
260 _bGÜNIŞIĞI YAYINLARI
999 _c679854
_d679854